Podnikový knowledge management - konkurenčná výhoda

Pojem poznatková pyramída. Know-how z pohľadu manažmentu poznatkov. Zložky know-how.

Gespeichert in:
Bibliographische Detailangaben
1. Verfasser: Burger, Ivan
Format: Buchkapitel
Sprache:Slowakisch
Schlagworte:
Tags: Tag hinzufügen
Keine Tags, Fügen Sie das erste Tag hinzu!

MARC

LEADER 00000naa a2200000 4500
001 0128021
005 20231116121753.2
041 0 |a slo 
044 |a SK 
245 1 0 |a Podnikový knowledge management - konkurenčná výhoda  |c Ivan Burger 
520 |a Pojem poznatková pyramída. Know-how z pohľadu manažmentu poznatkov. Zložky know-how. 
610 2 0 |a know-how 
610 2 0 |a riadenie znalostí 
610 2 0 |a výhody konkurenčné 
610 2 0 |a modely riadenia 
610 2 0 |a manažment znalostný 
100 1 |a Burger, Ivan